000 00391nam a2200133Ia 4500
008 240624s9999 xx 000 0 und d
041 _aeng
082 _a657.02 DSO
100 _aD SOUZA DOLPHY
245 _aINDIAN ACCOUNTING STANDARDS AND GAAP INTERPRETATION ISSUE
260 _c2008
_aMumbai
_bSnow White Publications Pvt. Ltd.
300 _alviii, : 1065 : p. : cm. ; 25
365 _cRS
_b15
999 _c9461
_d9461